Statistics for Guess the 1970s song lyrics #310

Click here to take the quiz!

General Stats

  • This quiz has been taken 9 times
  • The average score is 115 of 224

Answer Stats

Answer% Correct
a
100%
the
100%
you
100%
and
88%
I
88%
so
88%
ever
75%
Have
75%
He
75%
he
75%
love
75%
night
75%
your
75%
As
63%
as
63%
better
63%
by
63%
can
63%
felt
63%
Like
63%
man
63%
nights
63%
Not
63%
sky
63%
Southern
63%
That
63%
that
63%
They
63%
To
63%
to
63%
when
63%
breeze
50%
Da
50%
da
50%
for
50%
from
50%
goes
50%
has
50%
his
50%
in
50%
In
50%
It
50%
it's
50%
its
50%
know
50%
La
50%
la
50%
of
50%
Oh
50%
trees
50%
who
50%
yeah
50%
anyone
38%
apologize
38%
closed
38%
could
38%
dog
38%
even
38%
eye
38%
eyes
38%
found
38%
hey
38%
joy
38%
Joy
38%
just
38%
Just
38%
land
38%
noticed
38%
old
38%
Old
38%
say
38%
skies
38%
this
38%
truly
38%
tunes
38%
way
38%
beauty
25%
beyond
25%
cold
25%
cry
25%
Every
25%
fighting
25%
flower
25%
Free
25%
good
25%
hand
25%
lies
25%
many
25%
mention
25%
precious
25%
runnin
25%
slowly
25%
soul
25%
Stop
25%
stories
25%
through
25%
told
25%
touched
25%
walk
25%
walked
25%
Weepin
25%
Whistlin
25%
willows
25%
world
25%
Blow
13%
feel
13%
Feels
13%
frightening
13%
Mystery
13%
others
13%
Wish
13%

Score Distribution

Percentile by Number Answered

Percent of People with Each Score

Your Score History

You have not taken this quiz